000 00686nam a2200241Ia 4500
003 OSt
005 20220925220521.0
006 a|||||r|||| 00| 0
007 ta
008 220923b |||||||| |||| 00| 0 eng d
037 _cGeneral Book
040 _aRTL
_cRTL
_beng
041 _2eng
_aeng
082 _aX61.5.N8, M9
100 _aDeGrauwe Paul
_9284093
245 0 _aECU and European monetary integration
260 _aLondon
_bMacmillan
_c1989
300 _axx,222p
_ccm.
650 _aEconomics-Money-Europe
_9238685
700 _a Peeters Theo
_9284962
942 _hX61.5.N8, M9
_cGB
_2CC
999 _c571713
_d571713